Stranger Things Quiz - Statistics

General Stats
  • This quiz has been taken 1,215 times
  • The average score is 7 of 10
Answer Stats
Question Answer % Correct
Is eleven a boy or girl? Girl
92%
What female character is definitely dead? Barb
89%
What is the actor/actress who plays eleven's name? Millie Bobby Brown
85%
What is eleven's favourite food? Eggos
84%
What program airs the show? Netflix
83%
What is the monster called? Demogorgon
76%
What is the name of the other world? The Upside Down
66%
When is the TV show set? 80's
39%
What does Dustin enjoy eating? Chocolate Pudding
18%
How many episodes are there (since July 2017)? Eight
18%
No matching quizzes found
Score Distribution
Percent of People with Each Score
Percentile by Number Answered
Your Score History
You have not taken this quiz